000 01294nam a2200325 c 4500
003 BLK
005 20210719174658.0
008 180412b bul|||||r ||||||| ||bul||
010 _aKNG00004035000
020 _a954-657-005-2
_bиздат.: Пан
040 _aBLK
041 _aBUL
_cBUL
080 _aАнглийска литература
_b821.111
_x-93-34
_z821.111-93-34
100 1 _aКинкейд, Люси
_eпърви автор
_9363516
700 1 _aКинкейд, Ерик
_eил.
_9363319
700 1 _aКостадинова, Пенка
_eпрев. от англ.
_9246631
139 _aКинкейд, Люси
_bК 54
245 1 0 _aСтолът на леля Тилда
_bПриказка
_cЛюси Кинкейд; ил. Ерик Кинкейд; прев. от англ. Пенка Костадинова.
257 _aGBR
260 София
_bПан
_c1994
300 _a28 с.
_bс цв. ил.
_c28 см
380 _aDX
490 1 _aПоредица Приказки от работилницата
500 _aОриг. загл. Aunt Tilda. - Авт. не е отбелязан на кор.
852 _aЦб ІІ 7987
856 4 _qpdf
_u
856 4 _qpdf
_u
942 _cKNG
_n0
_06
944 _aCR
_c15.01.2003
_kМилена_Ачева
944 _aED
_c28.09.2017
_kВася_Ганчева
999 _c3002
_d3002